Engineering mechanics (Record no. 18469)

000 -LEADER
fixed length control field 00524nam a22002057a 4500
001 - CONTROL NUMBER
control field 18469
003 - CONTROL NUMBER IDENTIFIER
control field BD-DhUET
008 - FIXED-LENGTH DATA ELEMENTS--GENERAL INFORMATION
fixed length control field 150330b xxu||||| |||| 00| 0 eng d
020 ## - INTERNATIONAL STANDARD BOOK NUMBER
International Standard Book Number 8122406173
040 ## - CATALOGING SOURCE
Original cataloging agency DLC
Transcribing agency DLC
Modifying agency BD-DhUET
082 ## - DEWEY DECIMAL CLASSIFICATION NUMBER
Classification number 620.1
Item number BHA/1994
100 ## - MAIN ENTRY--PERSONAL NAME
Personal name Bhavikatti, S. S.
245 ## - TITLE STATEMENT
Title Engineering mechanics
250 ## - EDITION STATEMENT
Edition statement 1st ed.
260 ## - PUBLICATION, DISTRIBUTION, ETC. (IMPRINT)
Place of publication, distribution, etc. New Delhi
Name of publisher, distributor, etc. New Age International
Date of publication, distribution, etc. 1994
300 ## - PHYSICAL DESCRIPTION
Extent xiii, 537p.
Other physical details ill.
650 #0 - SUBJECT ADDED ENTRY--TOPICAL TERM
Topical term or geographic name as entry element Engineering mechanics
700 ## - ADDED ENTRY--PERSONAL NAME
Personal name Rajashekarappa, K. G.
942 ## - ADDED ENTRY ELEMENTS (KOHA)
Koha item type General Book
Holdings
Koha date last seen Source of classification or shelving scheme Lost status Shelving location Price effective from Koha normalized classification for sorting Withdrawn status Date acquired Not for loan Koha item type Piece designation (barcode) Copy number Sublocation or collection (holding branch) Koha full call number Location (home branch) Damaged status
2015-03-30  Circulation section2015-03-30620_100000000000000_BHA_1994 2015-03-30 General Book898321Central Library, BUET620.1/BHA/1994Central Library, BUET 
2015-03-30  Circulation section2015-03-30620_100000000000000_BHA_1994 2015-03-30 General Book898302Central Library, BUET620.1/BHA/1994Central Library, BUET 
2015-06-16  Reading section2015-06-16620_100000000000000_BHA_1994 2015-06-16 Reading Item895113Central Library, BUET620.1/BHA/1994Central Library, BUET 
2015-06-16  Reading section2015-06-16620_100000000000000_BHA_1994 2015-06-16 Reading Item895104Central Library, BUET620.1/BHA/1994Central Library, BUET